Ч. 4; Свободно-конвективный тепло-и массообмен

Detalles Bibliográficos
Parent link:Свободно-конвективный тепло-и массообмен: библиографический указатель/ Академия наук Белорусской ССР (АН БССР), Институт тепло- и массообмена им. А. В. Лыкова (ИТМО) ; под ред. Р. И. Солоухина. Ч. 4.— , 1982
Idioma:ruso
Publicado: 1987
Subjects:
Formato: Libro
KOHA link:https://koha.lib.tpu.ru/cgi-bin/koha/opac-detail.pl?biblionumber=257112

MARC

LEADER 00000nam2a2200000 4500
001 257112
005 20231101233156.0
020 |a RU  |b 87-96094 
035 |a (RuTPU)RU\TPU\book\279879 
090 |a 257112 
100 |a 20140414g1987 k y0rusy5003 ca 
101 0 |a rus 
102 |a BY 
105 |a y a 001zy 
200 0 |a Ч. 4 
210 |d 1987 
215 |a 314 с. 
461 1 |0 (RuTPU)RU\TPU\book\294491  |t Свободно-конвективный тепло-и массообмен  |o библиографический указатель  |o в 4 ч.  |f Академия наук Белорусской ССР (АН БССР), Институт тепло- и массообмена им. А. В. Лыкова (ИТМО) ; под ред. Р. И. Солоухина  |v Ч. 4  |d 1982 
606 1 |a Библиографические пособия  |x По физике  |2 stltpush  |3 (RuTPU)RU\TPU\subj\28555  |9 52073 
606 1 |a Конвекция  |2 stltpush  |3 (RuTPU)RU\TPU\subj\15246  |9 41504 
610 1 |a библиографические указатели 
610 1 |a массообмен 
610 1 |a массообменное оборудование 
610 1 |a теплообмен 
610 1 |a теплообмен конвективный 
610 1 |a теплообменное оборудование 
675 |a 536.25(01)  |v 3 
686 |a Я19:53  |2 rubbk 
801 0 |a RU  |b RuMRKP  |c 19960705  |g psbo 
801 1 |a RU  |b 63413507  |c 20140414 
801 2 |a RU  |b 63413507  |c 20190211  |g RCR 
942 |c BK